000 00295nam a22001337a 4500
008 170406b xxu||||| |||| 00| 0 eng d
020 _a9780781736503
041 _aeng
080 _22 ED
_a616.15
100 _a9
101 _aSHM
245 _aCLINICAL HEMATOLOGY
_cGREER.J.P
942 _2udc
_cBK
999 _c9913
_d9913